Les amis et les autres : melanges en l'honneur de John Peristiany = Brothers and others : essays in honour of John Peristiany

Αποθηκεύτηκε σε:
Λεπτομέρειες βιβλιογραφικής εγγραφής
Συγγραφή απο Οργανισμό/Αρχή: Εθνικό Κέντρο Κοινωνικών Ερευνών
Άλλοι συγγραφείς: Δαμιανάκος, Στάθης (Επιμελητής έκδοσης)
Μορφή: Βιβλίο
Γλώσσα:French
English
Δημοσίευση: Athenes : Centre national de recherches sociales (E.K.K.E.), 1995.
Θέματα:
Ετικέτες: Προσθήκη ετικέτας
Δεν υπάρχουν, Καταχωρήστε ετικέτα πρώτοι!

MARC

LEADER 00000cam a2200000 i 4500
001 1/24848
008 060222s1995####gr | | ||| |||| ||fre||
020 |a 960-7093-33-X 
035 |l 10082767 
040 |a GR-MY-UA  |b gre  |e aacr 
041 0 |a fre  |a eng 
082 0 |a 306.091   |2 (22)  
110 2 |a Εθνικό Κέντρο Κοινωνικών Ερευνών. 
245 1 4 |a Les amis et les autres :   |b melanges en l'honneur de John Peristiany = Brothers and others : essays in honour of John Peristiany /   |c Stathis Damiakos ...[et al.].  
246 1 |i Παράλληλος τίτλος:   |a Brothers and others :   |b essays in honour of John Peristiany  
260 |a Athenes :   |b Centre national de recherches sociales (E.K.K.E.),   |c 1995.  
300 |a 264 σ.;   |b χάρτ., εικ.;   |c 24 εκ.  
500 |a Περιέχει γαλλικό και αγγλικό κείμενο.  
500 |a Reperes biographiqes et bibliographie de John G. Peristiany.  
504 |a Περιέχει βιβλιογραφία.  
600 1 0 |a Peristiany, John G.   |q (John George),   |d 1911-1987. 
650 0 0 |a Ethnology  |z Greece. 
650 0 0 |a Ethnology  |z Mediterranean Region. 
651 0 |a Greece  |x Social life and customs. 
651 0 |a Mediterranean Region  |x Social life and customs. 
700 1 |a Δαμιανάκος, Στάθης.  |4 edt 
852 |a INST  |b LESVOS  |e 20060222  |h 306.091 ΕΘΝ  |p 005100034576  |q 005100034576  |t BK  |y 0 
901 |a BIBL1-2006-1 
909 |a Λ  |b 125953 
970 |a ΚΑΡΑ  |b ΓΙΑΣΕΜΗ  |z 2006/02/22